000 01265nam a2200277 i 4500
001 26365
003 ES-MaACL
005 20230906153430.0
007 t|
008 030109s1884 sp ||||1| spa d
080 _a633.872(65)
080 _a674.83(65)
100 1 _aArtigas y Teixidor, Primitivo.
_923476
245 1 0 _aBreve reseña crítica relativa a la obra intitulada "Notas sobre los alcornocales y la industria corchera de la Argelia" por D. José Jordana y Morera /
_cpor Don Primitivo Artigas.
260 _aMadrid :
_b[s.n.],
_c1884 (
_fImp. de Moreno y Rojas)
300 _a13 p. ;
_c22 cm.
530 _aDisponible en formato digital.
600 1 4 _aJordana y Morera, José.
_966936
650 4 _aAlcornoque-
_zArgelia.
_9142689
650 4 _aIndustria del corcho-
_zArgelia.
_9142690
740 0 2 _aNotas sobre los alcornocales y la industria corchera de la Argelia.
852 _aES-MaACL
_jT-432-F-1
852 _aES-MaACL
_jT-831-F-7
_z- Enc. en un vol. facticio, conservando la enc. original
_z- Dedicatoria autógrafa del autor
856 _uhttp://bdh-rd.bne.es/viewer.vm?id=0000057103&page=1
_zBiblioteca Digital Hispánica
856 _uhttp://simurg.bibliotecas.csic.es/viewer/image/CSIC000882728/1/
_zFondos digitalizados del CSIC
999 _c26365
_d26365